书目信息 |
| 题名: |
百姓治百病
|
|
| 作者: | 王慧芬 主编 | |
| 分册: | ||
| 出版信息: | 上海 上海远东出版社 2003.07 |
|
| 页数: | 10, 208页 | |
| 开本: | 18cm | |
| 丛书名: | ||
| 单 册: | ||
| 中图分类: | R4 | |
| 科图分类: | ||
| 主题词: | 常见病--chang jian bing--防治--基本知识 | |
| 电子资源: | ||
| ISBN: | 7-80661-818-X | |
| 000 | 00851nam0 2200241 450 | |
| 001 | 012007036721 | |
| 005 | 20071108155117.41 | |
| 010 | @a7-80661-818-X@dCNY10.00 | |
| 100 | @a20071108d2003 km y0chiy0120 ea | |
| 101 | 0 | @achi |
| 102 | @aCN@b310000 | |
| 105 | @ay z 000yy | |
| 106 | @ar | |
| 200 | 1 | @a百姓治百病@Abai xing zhi bai bing@e来自百姓的治病经验@f王慧芬主编@Fwang hui fen zhu bian |
| 210 | @a上海@c上海远东出版社@d2003.07 | |
| 215 | @a10, 208页@d18cm | |
| 330 | @a本书以自我保健为主要内容,收录了一系列来自百姓的治疗与防治知识,内容涉及食物防病,运动防病,简单的按摩和推拿等知识。 | |
| 517 | 1 | @a来自百姓的治病经验@Alai zi bai xing de zhi bing jing yan |
| 606 | 0 | @a常见病@Achang jian bing@x防治@x基本知识 |
| 690 | @aR4@v4 | |
| 701 | 0 | @a王慧芬@Awang hui fen@4主编 |
| 801 | 0 | @aCN@b@c20071108 |
| 905 | @b266811-13@dR4@eW211@f3 | |
| 百姓治百病:来自百姓的治病经验/王慧芬主编.-上海:上海远东出版社,2003.07 |
| 10, 208页;18cm |
| ISBN 7-80661-818-X:CNY10.00 |
| 本书以自我保健为主要内容,收录了一系列来自百姓的治疗与防治知识,内容涉及食物防病,运动防病,简单的按摩和推拿等知识。 |
| ● |
| 相关链接 |
|
|
|
正题名:百姓治百病
索取号:R4/W211
 
预约/预借
| 序号 | 登录号 | 条形码 | 馆藏地/架位号 | 状态 | 备注 |
| 1 | 266811 | 202668112 | 自科库401/401自科库 16排3列1层/ [索取号:R4/W211] | 在馆 | |
| 2 | 266812 | 202668121 | 自科库401/401自科库 16排3列1层/ [索取号:R4/W211] | 在馆 | |
| 3 | 266813 | 202668130 | 自科库401/401自科库 16排3列1层/ [索取号:R4/W211] | 在馆 |